Geometría euclídea II

Salvato in:
Dettagli Bibliografici
Autore principale: Tsijli, Teodora (Autore)
Natura: Libro
Lingua:spagnolo
Pubblicazione: San José EUNED 1996
Edizione:1a. ed
Soggetti:
Tags: Aggiungi Tag
Nessun Tag, puoi essere il primo ad aggiungerne!!

MARC

LEADER 00000nam a2200000 a 4500
001 UCH2836
003 CL-VaPUC
008 090702e19960000CR |||||||||||||||||spa|d
020 |a 9977648301 
082 0 4 |a 516.2  |b TSI  |2 21 
100 0 |a Tsijli, Teodora  |e author  |9 537903 
245 1 0 |a Geometría euclídea II 
250 |a 1a. ed 
300 |a 162 p 
942 |c BK 
945 |d 20090702 00:00:00  |a rbrito 
260 |a San José  |b EUNED  |c 1996 
650 7 |a GEOMETRIA EUCLIDEA  |2 CL-VaPUC  |9 359752 
650 0 |a Geometría plana  |9 265855 
650 0 |a Ángulos  |9 342215 
650 0 |a Poliedros  |9 352653 
650 7 |a PIRAMIDES  |2 CL-VaPUC  |9 310788 
650 7 |a ESFERAS  |2 CL-VaPUC  |9 371474 
583 |a last modification  |c 20090702 00:00:00  |k Rodrigo Vera 
999 |c 334524  |d 334522 
952 |0 0  |1 0  |4 0  |6 516_200000000000000_TSI_1996  |7 0  |8 A  |9 423611  |a BIBMAT  |b BIBMAT  |d 2019-11-22  |i 4568613  |l 2  |o 516.2 TSI 1996  |p 4568613  |r 2025-01-07  |s 2023-09-01  |w 2019-11-22  |y BK  |k MAT